Computer simulation of dynamic phenomena

Збережено в:
Бібліографічні деталі
Автор: Wilkins, Mark L (Автор)
Формат: Книга
Мова:Англійська
Опубліковано: Berlín Springer 1999
Серія:Collection Scientific Computation
Предмети:
Теги: Додати тег
Немає тегів, Будьте першим, хто поставить тег для цього запису!

MARC

LEADER 00000nam a2200000 a 4500
001 UCP5364
003 CL-VaPUC
008 990910e19990000GW |||||||||||||||||eng|d
082 0 4 |a 532.5  |b WIL  |2 21 
100 0 |a Wilkins, Mark L  |e author  |9 433719 
245 1 0 |a Computer simulation of dynamic phenomena 
300 |a 246 p 
942 |c BK 
945 |d 19990910 00:00:00  |a vberengu 
260 |a Berlín  |b Springer  |c 1999 
650 0 |a Hidrodinámica   |9 261326 
650 0 |a Física   |9 227844 
650 0 |a Fluidos  |9 259333 
650 7 |a MODELOS  |2 CL-VaPUC  |9 262523 
650 0 |a Simulación por computador  |9 260988 
650 0 |a Plásticos   |9 267415 
583 |a last modification  |c 19990910 00:00:00  |k Rodrigo Vera 
490 0 |a Collection Scientific Computation 
999 |c 283128  |d 283126 
952 |0 0  |1 0  |4 0  |6 532_500000000000000_WIL_1999  |7 0  |8 A  |9 325943  |a BIBCUR  |b BIBCUR  |d 2019-11-20  |i 354334K  |o 532.5 WIL 1999  |p 354334K  |r 2025-04-22  |w 2019-11-20  |y BK  |k FIS